| 000 -LEADER |
| fixed length control field |
00946nam a2200229Ia 4500 |
| 001 - CONTROL NUMBER |
| control field |
558 |
| 003 - CONTROL NUMBER IDENTIFIER |
| control field |
GE_BSU |
| 008 - FIXED-LENGTH DATA ELEMENTS--GENERAL INFORMATION |
| fixed length control field |
181216s||||||||xx |||||||||||||| ||und|| |
| 010 ## - LIBRARY OF CONGRESS CONTROL NUMBER |
| LC control number |
9789941146046 |
| 040 ## - CATALOGING SOURCE |
| Transcribing agency |
GE_BSU |
| 080 ## - UNIVERSAL DECIMAL CLASSIFICATION NUMBER |
| Universal Decimal Classification number |
640.41(075.8)+640.40+338.488.2(075.8) |
| 100 ## - MAIN ENTRY--PERSONAL NAME |
| Personal name |
ვასაძე,მ. |
| 245 ## - TITLE STATEMENT |
| Title |
სასტუმროებისა და რესტორნების ბიზნეს ადმისტრირების პრაქტიკის კურსი |
| 245 ## - TITLE STATEMENT |
| Statement of responsibility, etc. |
რედ. ჯანუაშვილი ე. |
| 260 ## - PUBLICATION, DISTRIBUTION, ETC. |
| Place of publication, distribution, etc. |
თბილისი |
| 260 ## - PUBLICATION, DISTRIBUTION, ETC. |
| Name of publisher, distributor, etc. |
ტექნიკური უნ-ტი |
| 260 ## - PUBLICATION, DISTRIBUTION, ETC. |
| Date of publication, distribution, etc. |
2009 |
| 300 ## - PHYSICAL DESCRIPTION |
| Extent |
107 გვ. |
| 653 ## - INDEX TERM--UNCONTROLLED |
| Uncontrolled term |
სასტუმროებისა დარესტორნების ბიზნეს ადმინისტრირების პრაქტიკის კურსი |
| 942 ## - ADDED ENTRY ELEMENTS (KOHA) |
| Koha item type |
წიგნი |